000 00576cam a2200241ua 4500
020 _c4.50
041 _amal
_h
082 _a574.87
_bSWA/KO
100 _aSwanson, Carl P .
245 _aKosam /
_cCarl P Swanson.
_hTextual Documents
250 _a1 /
_b.
260 _aThiruvananthapuram :
_bState Instititute of Languages ,
_c1972.
300 _a177 ; .
365 _a4.50
504 _a
942 _cBK
999 _c6240
_d6240